书目信息 |
| 题名: |
教育知识与能力
|
|
| 作者: | 陈庆华 主编 | |
| 分册: | 中学 | |
| 出版信息: | 合肥 中国科学技术大学出版社 2014.07 |
|
| 页数: | 321页 | |
| 开本: | 26cm | |
| 丛书名: | ||
| 单 册: | ||
| 中图分类: | G451.1 , G635.11 | |
| 科图分类: | ||
| 主题词: | 教学能力--资格考试--教材 , 中学教师--教学能力--资格考试--教材 , 教学能力 , 中学教师 | |
| 电子资源: | ||
| ISBN: | 978-7-312-03432-9 | |
| 000 | 01179nam0 2200301 450 | |
| 001 | 0120141374084 | |
| 005 | 20160516093615.18 | |
| 010 | @a978-7-312-03432-9@dCNY40.00 | |
| 100 | @a20140904d2014 em y0chiy0110 ea | |
| 101 | 0 | @achi |
| 102 | @aCN@b340000 | |
| 105 | @aak z 000yy | |
| 106 | @ar | |
| 200 | 1 | @a教育知识与能力@9jiao yu zhi shi yu neng li@i中学@f陈庆华主编 |
| 210 | @a合肥@c中国科学技术大学出版社@d2014.07 | |
| 215 | @a321页@c图@d26cm | |
| 300 | @a国家教师资格统一考试专用教材/姚如富总主编 | |
| 330 | @a本书包含了八个章节:教育基础知识和基本原理、中学课程、中学教学、中学生学习心理、中学生发展心理、中学生心理辅导、中学德育以及中学班级管理与教师心理。每章内容后面都配有练习题,针对前面的知识点进行考察,帮助考生查缺补漏,书中知识点覆盖面广且分布合理,答案附有详尽解析,方便考生在核对正误的同时加强记忆,加深理解。 | |
| 333 | @a参加教师资格考试考生 | |
| 606 | 0 | @a教学能力@x资格考试@j教材 |
| 606 | 0 | @a中学教师@x教学能力@x资格考试@j教材 |
| 606 | 0 | @a教学能力 |
| 606 | 0 | @a中学教师 |
| 690 | @aG451.1@v5 | |
| 690 | @aG635.11@v5 | |
| 701 | 0 | @a陈庆华@9chen qing hua@4主编 |
| 801 | 0 | @aCN@b人天书店@c20140904 |
| 905 | @b877444-49@dG451.1@e147@f6 | |
| 教育知识与能力.中学/陈庆华主编.-合肥:中国科学技术大学出版社,2014.07 |
| 321页:图;26cm |
| 国家教师资格统一考试专用教材/姚如富总主编.-使用对象:参加教师资格考试考生 |
| ISBN 978-7-312-03432-9:CNY40.00 |
| 本书包含了八个章节:教育基础知识和基本原理、中学课程、中学教学、中学生学习心理、中学生发展心理、中学生心理辅导、中学德育以及中学班级管理与教师心理。每章内容后面都配有练习题,针对前面的知识点进行考察,帮助考生查缺补漏,书中知识点覆盖面广且分布合理,答案附有详尽解析,方便考生在核对正误的同时加强记忆,加深理解。 |
| ● |
| 相关链接 |
|
|
|
|
正题名:教育知识与能力
索取号:G451.1/147
 
预约/预借
| 序号 | 登录号 | 条形码 | 馆藏地/架位号 | 状态 | 备注 |
| 1 | 877444 | 208774441 | 第一样本阅览室/ [索取号:G451.1/147] | 在馆 | |
| 2 | 877445 | 208774450 | 教育系资料室/ [索取号:G451.1/147] | 在馆 | |
| 3 | 877446 | 208774469 | 教育系资料室/ [索取号:G451.1/147] | 在馆 | |
| 4 | 877447 | 208774478 | 教育系资料室/ [索取号:G451.1/147] | 在馆 | |
| 5 | 877448 | 208774487 | 第四借阅区/ [索取号:G451.1/147] | 在馆 | |
| 6 | 877449 | 208774496 | 第四借阅区/ [索取号:G451.1/147] | 在馆 |